| 000 | 00955nam a2200301 i 4500 | ||
|---|---|---|---|
| 001 | 19091 | ||
| 003 | ES-MaACL | ||
| 005 | 20250808012250.0 | ||
| 007 | t| | ||
| 008 | 020527s2002 sp ||||1| spa d | ||
| 020 | _a84-344-4245-0 | ||
| 080 | _a316.62-053.81 | ||
| 080 | _a316.334.56 | ||
| 245 | 0 | 0 |
_aMovimientos juveniles en la Península Ibérica _b: graffitis, grifotas, okupas / _cCarles Feixa, Carmen Costa y Joan Pallarés (eds.). |
| 250 | _a1ª ed. | ||
| 260 |
_aBarcelona : _bAriel, _c2002. |
||
| 300 |
_a158 p. ; _c23 cm. |
||
| 500 | _aTít. del lomo: Graffitis, grifotas, okupas. | ||
| 504 | _aBibliografía. | ||
| 650 | 4 |
_aJóvenes- _xConducta social. _913947 |
|
| 650 | 1 | 7 |
_aVida urbana _2embne _917796 |
| 700 | 1 |
_aFeixa, Carles. _949136 |
|
| 700 | 1 |
_aCosta, Carmen. _941046 |
|
| 700 | 1 |
_aPallarés, Joan. _988573 |
|
| 740 | 0 | _aGraffitis, grifotas, okupas. | |
| 852 |
_aES-MaACL _jL-25558 _bR.131422 |
||
| 999 |
_c19091 _d19091 |
||